| 000 | 00409nam a2200169 a 4500 | ||
|---|---|---|---|
| 005 | 20140414132106.0 | ||
| 008 | 100902s19uu xx 00 eng d | ||
| 020 | _a | ||
| 050 |
_aM 613.2 _bC36 2010 |
||
| 100 | _aChancellor, Deborah | ||
| 245 | _aHealthy eating. | ||
| 260 |
_aGreat Britain : _bTicktock, _c2010. |
||
| 440 | _aLet's find about... | ||
| 650 | _x | ||
| 650 |
_a _x _x |
||
| 999 |
_c114616 _d114616 |
||